Normal view
MARC view
- تاليف الريماوي، احمد شكري؛ م .مشارك حسن جمعة حماد، م.مشارك خلدون عبد اللطيف الصبيحي
Entry Personal Name
001 - CONTROL NUMBER
- control field: 64251
003 - CONTROL NUMBER IDENTIFIER
- control field: JO-AjAnu
005 - DATE AND TIME OF LATEST TRANSACTION
- control field: 20230606084501.0
008 - FIXED-LENGTH DATA ELEMENTS
- fixed length control field: 230606|| aca||aabn | a|a d
040 ## - CATALOGING SOURCE
- Original cataloging agency: JO-AjAnu
- Transcribing agency: JO-AjAnu
100 ## - HEADING--PERSONAL NAME
- Personal name: تاليف الريماوي، احمد شكري؛ م .مشارك حسن جمعة حماد، م.مشارك خلدون عبد اللطيف الصبيحي
670 ## - SOURCE DATA FOUND
- Source citation: Work cat.: (JO-AjAnu)32757: تاليف الريماوي، احمد شكري؛ م .مشارك حسن جمعة حماد، م.مشارك خلدون عبد اللطيف الصبيحي, author, مقدمة في الارشاد الزراعي